<La> Situation mondiale de l'alimentation et de l'agriculture 2000

Gespeichert in:
Bibliographische Detailangaben
Format: Buch
Sprache:Französisch
Veröffentlicht: Roma Organisation des nations unies pour l'alimentationet et l'agriculture 2000
Schlagworte:
Tags: Tag hinzufügen
Keine Tags, Fügen Sie das erste Tag hinzu!

MARC

LEADER 00000nam a2200000 4500
001 c123696
005 20221108083621.2
020 |a 92-5-204400-0 
022 |a 0251-1460 
041 0 |a fre 
044 |a IT 
245 1 0 |a <La> Situation mondiale de l'alimentation et de l'agriculture 2000 
264 1 |a Roma  |b Organisation des nations unies pour l'alimentationet et l'agriculture  |c 2000 
300 |a 329 s. 
610 2 0 |a poľnohospodárstvo 
610 2 0 |a potravinárstvo 
610 2 0 |a výživa 
610 2 0 |a údaje štatistické medzinárodné 
610 2 0 |a produkcia